Introduction to lattice theory /
Guardado en:
| Autor Principal: | |
|---|---|
| Formato: | Libro |
| Idioma: | English Hungarian |
| Publicado: |
New York :
Academic Press,
c1963.
|
| Edición: | 3rd rev. and enl. ed. |
| Etiquetas: |
Agregar Etiqueta
Sin Etiquetas, Sea el primero en etiquetar este registro!
|
| LEADER | 01086nam a22002295a 4500 | ||
|---|---|---|---|
| 001 | MAT.inmabb002290 | ||
| 008 | 840605s1963####nyua#####b####001#0#eng#d | ||
| 005 | 20130308114704.0 | ||
| 245 | 1 | 0 | |a Introduction to lattice theory / |c by Gábor Szász ; [translated by B. Balkay and G. Tóth]. |
| 250 | |a 3rd rev. and enl. ed. | ||
| 260 | |a New York : |b Academic Press, |c c1963. | ||
| 300 | |a 229 p. : |b il. ; |c 24 cm. | ||
| 500 | |a Traducción de: Bevezetés a hálóelméletbe. Budapest : Akadémiai Kiadó, 1959. | ||
| 505 | 8 | |a Capítulos: Partly ordered sets -- Lattices in general -- Complete lattices -- Distributive and modular lattices -- Special subclasses of the class of modular lattices -- Boolean algebras -- Semimodular lattices -- Ideals of lattices -- Congruence relations -- Direct and subdirect decompositions. | |
| 504 | |a Bibliografía: p. 216-224. | ||
| 510 | 4 | |a MR, |c 29 #3396 | |
| 100 | 1 | |a Szász, Gábor. | |
| 240 | 1 | 0 | |a Bevezetés a hálóelméletbe. |l English |
| 084 | |a 06Bxx |2 msc2000 | ||
| 010 | |a 64015277 | ||
| 041 | 1 | |a eng |h hun | |
| 859 | |h 06 |i Sz996 |p A-3952 |b BIB. MATEMATICA | ||
